Movies Quiz

Random Movies Quiz

Will Smith Movie by Image Quiz Stats

Quiz Updated Sep 18, 2013

Challenge
Share
Tweet
Score 0/16 Timer 04:00
1 Play Today
% Correct
Men In Black
98%
I, Robot
88.1%
Ali
85.2%
Independence Day
84.6%
Wild Wild West
79.4%
I Am Legend
79.3%
Hancock
72.8%
The Pursuit of Happyness
72.7%
% Correct
Hitch
72.4%
Shark Tale
66.7%
Bad Boys
62.2%
The Legend of Bagger Vance
55%
Seven Pounds
42.9%
After Earth
42.4%
Enemy of the State
38.2%
Six Degrees of Separation
17.5%

You're not logged in!

Compare scores with friends on all Sporcle quizzes.
Sign Up with Email
OR
Log In

You Might Also Like...

Show Comments

Extras

Top Quizzes Today


Score Distribution

Your Account Isn't Verified!

In order to create a playlist on Sporcle, you need to verify the email address you used during registration. Go to your Sporcle Settings to finish the process.